000 00304nam a2200133 i 4500
001 bg
100 1 _aSIEK, Stanisław
245 0 _aRelaks i autosugestia /
_cStanisław Siek.
260 _aWarszawa,
_c1986.
040 _cBPK
041 _apol
942 _cKS
008 s pl f |000 0 pol
999 _c3217
_d3217
856 _uhttp://koha.tu.koszalin.pl/cgi-bin/koha/opac-detail.pl?biblionumber=3217
_yKatalog online BPK